HP B2 C2 - Statistics

General Stats
  • This quiz has been taken 13 times
    12 since last reset
  • The average score is 51 of 103
Answer Stats
Term Answer % Correct
Ropero Closet
100%
Extraer Extract
100%
Congelador Freezer
100%
Infarto Heart Attack
100%
Humilde Humble
100%
Yacer Lie
100%
Modesto Modest
100%
Fregona Mop
100%
Párrafo Paragraph
100%
Previo Previous
100%
Salpicar Splash
100%
Decimotercero Thirteenth
100%
Alterar Alter
50%
Enojado Angry
50%
Atentamente Attentively
50%
Al Principio At The Beginning
50%
Barrote Bar
50%
Faro Beacon
50%
Reverencia Bow
50%
Cuenco Bowl
50%
Blandir Brandish
50%
Quebrado Broken
50%
Caldo Broth
50%
Descuido Carelessness
50%
Gatera Catflap
50%
Certeza Certainty
50%
Pista Clue
50%
Proveniente De Coming From
50%
Disimular Conceal
50%
Cobrizo Coppery
50%
Funda Cover
50%
Cuclillo Cuckoo
50%
Decreto Decree
50%
Demoníaco Demonic
50%
Despreciar Despise
50%
Consternación Dismay
50%
Azorar Embarrass
50%
Recinto Enclosure
50%
Suceso Event
50%
Entrecejo Eyebrow Space
50%
Comedero Feeder
50%
Batir Flap
50%
Destello Flash
50%
Franqueza Frankness
50%
Planeador Glider
50%
Bondad Goodness
50%
Reja Grille
50%
Rechinar Grind
50%
Hipar Hiccup
50%
Hospitalario Hospitable
50%
Acto Seguido Immediately Afterwards
50%
Descortés Impolite
50%
Hecho Una Furia In A Fury
50%
Indicio Indication
50%
A Secas Just
50%
Pomo Knob
50%
A Voces | Ruidosamente Loudly
50%
Abalanzarse Lunge
50%
Malicia Malice
50%
Magistral Masterful
50%
Moderado Moderate
50%
De Sopetón Out Of The Blue
50%
Esmerado Painstaking
50%
Penoso Pitiful
50%
Tramar Plot
50%
Fontanero Plumber
50%
Sopetón Punch
50%
Repiquetear Rattle
50%
Conciliar Reconcile
50%
Rivalizar Rival
50%
Entristecer Sadden
50%
Tunante Scamp
50%
Garabato Scribble
50%
Resplandecer Shine
50%
Alarido Shriek
50%
Letrero Sign
50%
Añicos Smithereens
50%
Chasquido Snap
50%
Bufido Snort
50%
Embeber Soak Up
50%
Apenado Sorry
50%
En Cuclillas Squatting
50%
Inanición Starvation
50%
Jergón Straw Mattress
50%
Trazo Stroke
50%
Repentino Sudden
50%
Temblor Trembling
50%
Látigo Whip
50%
Bizco Cross Eyed
0%
Arrojado Daring
0%
Tímpano Eardrum
0%
Entrañar Entail
0%
Al Tanto Informed
0%
Acarrear Lead To
0%
Asimismo Likewise
0%
Mocoso Punk
0%
Disponer Ready
0%
Reincidir Relapse
0%
Desollar Skin
0%
Someter Subject
0%
Apiadarse Take Pity On
0%
Fajo Wad
0%
No matching quizzes found
Score Distribution
Percent of People with Each Score
Percentile by Number Answered
Your Score History
You have not taken this quiz since the last reset